00545nam a2200205Ia 4500008004100000020001800041050001400059050001800073100002400091245004400115245002300159260001700182260002100199260000900220300001600229300002000245300001100265500004000276650002300316160418s9999 xx 000 0 und d a971-725-021-9 aFIL T 11  b.V56 2002 c.1 aVinuya, Remedios V. aTechnical research and report writing / cRemedios V. Vinuya aMakati City: bGrandwater Pub., c2002 a195 pages : billustrations ; c22 cm. aIncudes bibliographical references. aTechnical writing.